[Event "Muensterland op 41st"]
[Site "Muenster"]
[Date "2024.10.17"]
[Round "7"]
[White "Jungbluth, Michael"]
[Black "Feldmann, Johannes"]
[Result "0-1"]
[WhiteElo "2029"]
[BlackElo "2209"]
[PlyCount "86"]
[EventDate "2024.10.12"]
[EventType "swiss"]
[EventRounds "9"]
[EventCountry "GER"]
[SourceTitle "CB43_2024"]
[Source "Chessbase"]
[SourceDate "2024.10.23"]
[SourceVersion "1"]
[SourceVersionDate "2024.10.23"]
[SourceQuality "1"]

1. d4 Nf6 2. c4 g6 3. g3 Bg7 4. Nf3 d5 5. Bg2 dxc4 6. Qa4+ Nfd7 7. 0-0 0-0 8. Qxc4 Nc6 9. Rd1 Nb6 10. Qc2 Bf5 11. e4 Bg4 12. d5 Ne5 13. Nbd2 Qc8 14. Re1 c6 15. Nxe5 Bxe5 16. dxc6 Qxc6 17. Qxc6 bxc6 18. Nb3 a5 19. f4 a4 20. fxe5 axb3 21. Bh6 Rfd8 22. axb3 Be6 23. Rac1 Nd7 24. Rxc6 Nxe5 25. Rc7 Rd7 26. Rxd7 Bxd7 27. b4 Rb8 28. Bf4 f6 29. Bxe5 fxe5 30. Rc1 Kf7 31. Rf1+ Kg7 32. Rc1 Kf7 33. Rc5 Rxb4 34. Rxe5 Rxb2 35. Ra5 Bb5 36. Ra7 Bc6 37. Rc7 Bb7 38. Rc1 Rb4 39. Rf1+ Kg7 40. Re1 g5 41. g4 Kf6 42. Rf1+ Ke6 43. Rf5 Rb1+ 0-1

[Event "Muensterland op 40th"]
[Site "Muenster"]
[Date "2023.10.04"]
[Round "6"]
[White "Marcziter, Dmitrii"]
[Black "Jungbluth, Michael"]
[Result "1/2-1/2"]
[WhiteElo "2236"]
[BlackElo "2021"]
[PlyCount "64"]
[EventDate "2023.09.30"]
[EventType "swiss"]
[EventRounds "9"]
[EventCountry "GER"]
[SourceTitle "CBM 216 Extra"]
[Source "ChessBase"]
[SourceDate "2023.11.30"]
[SourceVersion "1"]
[SourceVersionDate "2023.11.30"]
[SourceQuality "1"]

1. d4 d5 2. c4 e6 3. Nf3 Nf6 4. g3 Be7 5. Bg2 0-0 6. 0-0 dxc4 7. a4 Bd7 8. Ne5 Bc6 9. Nxc6 Nxc6 10. Bxc6 bxc6 11. Na3 Qd5 12. Qc2 Qxd4 13. Nxc4 Qc5 14. Be3 Qh5 15. f3 Nd5 16. Bf2 Nb4 17. Qe4 Qd5 18. Rfd1 Qxe4 19. fxe4 Rfd8 20. Kg2 Kf8 21. Kf3 Ke8 22. Rdc1 Bg5 23. Be3 Bxe3 24. Kxe3 Rab8 25. Na5 Rd6 26. b3 f5 27. Rc4 fxe4 28. Rac1 Rd5 29. Nxc6 Nxc6 30. Rxc6 Rxb3+ 31. Kxe4 Rb4+ 32. Kf3 Rxa4 1/2-1/2

[Event "Muenster op 36th"]
[Site "Muenster"]
[Date "2018.10.17"]
[Round "7"]
[White "Jungbluth, Michael"]
[Black "Kartsev, Soel"]
[Result "0-1"]
[WhiteElo "1955"]
[BlackElo "2253"]
[PlyCount "76"]
[EventDate "2018.10.12"]
[EventType "swiss"]
[EventRounds "9"]
[EventCountry "GER"]
[SourceTitle "CBM 187 Extra"]
[Source "ChessBase"]
[SourceDate "2018.11.04"]
[SourceVersion "1"]
[SourceVersionDate "2018.11.04"]
[SourceQuality "1"]

1. d4 Nf6 2. c4 e6 3. g3 d5 4. Bg2 dxc4 5. Nf3 Nc6 6. 0-0 Rb8 7. a4 Be7 8. Na3 Na5 9. Qc2 Nb3 10. Ra2 Nxd4 11. Nxd4 Qxd4 12. Be3 Qg4 13. Bxa7 Ra8 14. Be3 Nd5 15. Nb5 c6 16. Bf3 Qg6 17. Qxc4 0-0 18. Nc3 Nxe3 19. fxe3 e5 20. Qd3 f5 21. Qc2 h5 22. Kh1 Be6 23. Raa1 Qh6 24. e4 f4 25. gxf4 Rxf4 26. e3 Rh4 27. Qe2 g5 28. Bg2 Kh7 29. a5 g4 30. Qf2 g3 31. Qxg3 Rg8 32. Qxe5 Rxg2 33. Kxg2 Bd6 34. Qf6 Rxh2+ 35. Kg1 Qxe3+ 36. Rf2 Qg3+ 37. Kf1 Qd3+ 38. Ne2 Rh1+ 0-1

[Event "Ruhrgebiet Verbandsklasse Gruppe 2 1819"]
[Site "Nordrheinwestfalen"]
[Date "2018.10.07"]
[Round "2.2"]
[White "Bossy, Arnim"]
[Black "Jungbluth, Michael"]
[Result "1/2-1/2"]
[WhiteElo "2117"]
[BlackElo "1929"]
[PlyCount "47"]
[EventDate "2018.09.23"]
[EventType "team-tourn"]
[EventRounds "9"]
[EventCountry "GER"]
[SourceTitle "EXT 2022"]
[Source "ChessBase"]
[SourceDate "2021.10.06"]
[SourceVersion "1"]
[SourceVersionDate "2021.10.06"]
[SourceQuality "1"]
[WhiteTeam "Buer Hassel"]
[BlackTeam "Unser Fritz"]
[WhiteTeamCountry "GER"]
[BlackTeamCountry "GER"]

1. d4 Nf6 2. Bf4 e6 3. e3 c5 4. c3 b6 5. Nf3 Bb7 6. Bd3 Be7 7. h3 cxd4 8. exd4 0-0 9. 0-0 d6 10. Nbd2 Nbd7 11. Re1 Re8 12. Bh2 Bf8 13. Nc4 Nb8 14. a4 Nc6 15. Rc1 Rc8 16. Bf1 Nb8 17. Ne3 Nbd7 18. Nc4 Nb8 19. Ra1 Ba6 20. Nfd2 d5 21. Ne5 Bxf1 22. Kxf1 Nc6 23. Nxc6 Rxc6 24. Qe2 1/2-1/2

[Event "Herne op 5th"]
[Site "Herne"]
[Date "2016.05.27"]
[Round "4"]
[White "Gorainow, Nikita"]
[Black "Jungbluth, Michael"]
[Result "1-0"]
[WhiteElo "1779"]
[BlackElo "2005"]
[PlyCount "58"]
[EventDate "2016.05.25"]
[EventType "swiss"]
[EventRounds "7"]
[EventCountry "GER"]
[SourceTitle "CBM 172 Extra"]
[Source "ChessBase"]
[SourceDate "2016.06.21"]
[SourceVersion "1"]
[SourceVersionDate "2016.06.21"]
[SourceQuality "1"]

1. e4 d6 2. d4 Nf6 3. Nc3 g6 4. g3 Bg7 5. Bg2 0-0 6. Nge2 e5 7. 0-0 Nc6 8. d5 Ne7 9. f4 Ne8 10. Qd3 f5 11. Be3 Kh8 12. Rad1 b6 13. b4 fxe4 14. Nxe4 Bf5 15. c4 a5 16. fxe5 dxe5 17. a3 axb4 18. axb4 Nf6 19. N2c3 Ra3 20. Qe2 Bg4 21. Qb2 Rxc3 22. Qxc3 Nxe4 23. Bxe4 Bxd1 24. Rxd1 Nf5 25. Bxf5 Rxf5 26. Qd3 Qf8 27. d6 c5 28. d7 Qd8 29. bxc5 bxc5 1-0

[Event "NRW Verbandsklasse Group1 1314"]
[Site "Nordrheinwestfalen"]
[Date "2013.12.15"]
[Round "5"]
[White "Kuerten, Hans Juergen"]
[Black "Jungbluth, Michael"]
[Result "0-1"]
[WhiteElo "1894"]
[BlackElo "1989"]
[PlyCount "88"]
[EventDate "2013.09.08"]
[EventType "team-tourn"]
[EventRounds "9"]
[EventCountry "GER"]
[SourceTitle "EXT 2020"]
[Source "ChessBase"]
[SourceDate "2019.10.17"]
[SourceVersion "1"]
[SourceVersionDate "2019.10.17"]
[SourceQuality "1"]
[WhiteTeam "Koenigsspringer Haltern"]
[BlackTeam "Unser Fritz"]
[WhiteTeamCountry "GER"]
[BlackTeamCountry "GER"]

1. d4 e6 2. c4 Bb4+ 3. Nc3 Bxc3+ 4. bxc3 Nf6 5. Nf3 d6 6. Bf4 0-0 7. e3 b6 8. Bd3 Nc6 9. 0-0 Re8 10. Nd2 Bb7 11. Bg5 h6 12. Bh4 Ne7 13. Bxf6 gxf6 14. Qg4+ Kh8 15. Qh5 Kg7 16. e4 e5 17. f4 Ng6 18. f5 Nf4 19. Rxf4 exf4 20. Rf1 Qe7 21. Rxf4 Kh7 22. Rh4 Qf8 23. Nf3 Re7 24. Rg4 Rae8 25. Qh4 Qh8 26. h3 Rg8 27. Rf4 Qg7 28. Rg4 Qh8 29. Rf4 Rg7 30. Kf1 Rg8 31. Qh5 Rg3 32. Rg4 Rxg4 33. Qxg4 Qe8 34. Nd2 Qa4 35. c5 Qxa2 36. cxd6 cxd6 37. Nc4 Qa1+ 38. Ke2 d5 39. Nd6 dxe4 40. Bc4 Qb2+ 41. Kf1 Qc1+ 42. Ke2 e3 43. Qg3 Qd2+ 44. Kf1 Qd1+ 0-1

[Event "Muensterland op 31st"]
[Site "Senden"]
[Date "2013.10.31"]
[Round "6"]
[White "Jungbluth, Michael"]
[Black "Seegers, Hendrik"]
[Result "0-1"]
[WhiteElo "2000"]
[BlackElo "2222"]
[PlyCount "44"]
[EventDate "2013.10.27"]
[EventType "swiss"]
[EventRounds "9"]
[EventCountry "GER"]
[SourceTitle "EXT 2014"]
[Source "ChessBase"]
[SourceDate "2013.11.20"]
[SourceVersion "1"]
[SourceVersionDate "2013.11.20"]
[SourceQuality "1"]

1. d4 Nf6 2. c4 e6 3. Nf3 d5 4. g3 Be7 5. Bg2 0-0 6. 0-0 Nbd7 7. Nc3 dxc4 8. Nd2 Nb6 9. e3 c5 10. dxc5 Bxc5 11. Na4 Nxa4 12. Qxa4 Bd7 13. Qxc4 Rc8 14. Bxb7 Rc7 15. Bg2 Bxe3 16. Qd3 Bb6 17. Nb3 Qe8 18. Bf4 Bb5 19. Qb1 Bxf1 20. Bxc7 Bxg2 21. Bd6 Qc6 22. Bxf8 Bh3 0-1

[Event "NRW Verbandsklasse Group1 1314"]
[Site "Nordrheinwestfalen"]
[Date "2013.10.13"]
[Round "2.3"]
[White "Neugebauer, Thomas"]
[Black "Jungbluth, Michael"]
[Result "1/2-1/2"]
[WhiteElo "1853"]
[BlackElo "1989"]
[PlyCount "72"]
[EventDate "2013.09.08"]
[EventType "team-tourn"]
[EventRounds "9"]
[EventCountry "GER"]
[SourceTitle "EXT 2020"]
[Source "ChessBase"]
[SourceDate "2019.10.17"]
[SourceVersion "1"]
[SourceVersionDate "2019.10.17"]
[SourceQuality "1"]
[WhiteTeam "Altenessen"]
[BlackTeam "Unser Fritz"]
[WhiteTeamCountry "GER"]
[BlackTeamCountry "GER"]

1. e4 e6 2. d3 d5 3. Nd2 Nf6 4. g3 Be7 5. Bg2 0-0 6. Ngf3 c5 7. 0-0 Nc6 8. Re1 Qc7 9. e5 Nd7 10. Qe2 Nb4 11. Nf1 b6 12. c3 Nc6 13. h4 Ba6 14. Bf4 Rfe8 15. N1h2 Qd8 16. Ng5 Nf8 17. Rad1 f6 18. exf6 Bxf6 19. Ng4 h6 20. Nf3 Ng6 21. Be5 Ncxe5 22. Ngxe5 Bxe5 23. Nxe5 Nxe5 24. Qxe5 Qf6 25. c4 Bb7 26. f4 Rab8 27. cxd5 Qxe5 28. Rxe5 exd5 29. Rde1 Rxe5 30. Rxe5 d4 31. Be4 Kf7 32. Kf2 Bxe4 33. dxe4 Rd8 34. Ke2 Rd6 35. h5 a6 36. b3 Rc6 1/2-1/2

[Event "Ruhrgebiet VK3 1213"]
[Site "Nordrheinwestfalen"]
[Date "2013.01.13"]
[Round "5.2"]
[White "Jungbluth, Michael"]
[Black "Markus, Peter"]
[Result "1-0"]
[WhiteElo "1910"]
[BlackElo "2006"]
[PlyCount "107"]
[EventDate "2012.09.02"]
[EventType "team-tourn"]
[EventRounds "9"]
[EventCountry "GER"]
[SourceTitle "EXT 2020"]
[Source "ChessBase"]
[SourceDate "2019.10.17"]
[SourceVersion "1"]
[SourceVersionDate "2019.10.17"]
[SourceQuality "1"]
[WhiteTeam "Unser Fritz"]
[BlackTeam "Guennigfeld SV"]
[WhiteTeamCountry "GER"]
[BlackTeamCountry "GER"]

1. d4 d5 2. c4 e6 3. Nc3 c5 4. e3 Nf6 5. Nf3 Nc6 6. Be2 Be7 7. 0-0 0-0 8. b3 a6 9. Bb2 dxc4 10. bxc4 cxd4 11. exd4 Bd7 12. d5 exd5 13. cxd5 Qb6 14. dxc6 Qxb2 15. Na4 Qa3 16. cxd7 b5 17. Nb6 Rad8 18. Qb3 Nxd7 19. Qxa3 Bxa3 20. Nxd7 Rxd7 21. Rfd1 Rc7 22. Kf1 Rfc8 23. g3 g6 24. Nd4 Kg7 25. Rab1 h5 26. Bxb5 Bc5 27. Bxa6 Ra8 28. Be2 Rxa2 29. Rbc1 Bb6 30. Rxc7 Bxc7 31. Ne6+ fxe6 32. Rd7+ Kf6 33. Rxc7 Ra1+ 34. Kg2 Re1 35. Bc4 Re4 36. Rc6 g5 37. f3 Re1 38. h3 Re5 39. Kf2 Ke7 40. f4 gxf4 41. gxf4 Re4 42. Kf3 Re1 43. Rxe6+ Rxe6 44. Bxe6 Kxe6 45. Ke4 Kf6 46. f5 Kf7 47. Kf4 Kf6 48. h4 Kf7 49. Kg5 Kg7 50. Kxh5 Kf6 51. Kg4 Kf7 52. Kf4 Kg7 53. Ke5 Kf7 54. h5 1-0

[Event "Ruhrgebiet VK3 1213"]
[Site "Nordrheinwestfalen"]
[Date "2012.12.02"]
[Round "4.2"]
[White "Wojdyla, Martin"]
[Black "Jungbluth, Michael"]
[Result "1/2-1/2"]
[WhiteElo "1915"]
[BlackElo "1910"]
[PlyCount "40"]
[EventDate "2012.09.02"]
[EventType "team-tourn"]
[EventRounds "9"]
[EventCountry "GER"]
[SourceTitle "EXT 2020"]
[Source "ChessBase"]
[SourceDate "2019.10.17"]
[SourceVersion "1"]
[SourceVersionDate "2019.10.17"]
[SourceQuality "1"]
[WhiteTeam "Brackel SF III"]
[BlackTeam "Unser Fritz"]
[WhiteTeamCountry "GER"]
[BlackTeamCountry "GER"]

1. e4 e6 2. d4 d5 3. exd5 exd5 4. Bd3 c5 5. c3 cxd4 6. cxd4 Bb4+ 7. Nc3 Nc6 8. Nge2 Nf6 9. Bg5 Bg4 10. 0-0 0-0 11. Qb3 Bxe2 12. Bxe2 Be7 13. Qxb7 Nxd4 14. Rad1 Nxe2+ 15. Nxe2 h6 16. Nd4 Rb8 17. Qxa7 Ra8 18. Qb7 Rb8 19. Qa7 Ra8 20. Qb7 Rb8 1/2-1/2

[Event "Ruhrgebiet VK2 0910"]
[Site "Ruhrgebiet"]
[Date "2010.04.18"]
[Round "9.1"]
[White "Jungbluth, Michael"]
[Black "Martin, Andreas"]
[Result "1/2-1/2"]
[WhiteElo "2055"]
[BlackElo "2244"]
[PlyCount "83"]
[EventDate "2009.09.06"]
[EventType "team"]
[EventRounds "9"]
[EventCountry "GER"]
[SourceTitle "EXT 2011"]
[Source "ChessBase"]
[SourceDate "2010.11.26"]
[SourceVersion "1"]
[SourceVersionDate "2010.11.26"]
[SourceQuality "1"]
[WhiteTeam "Unser Fritz"]
[BlackTeam "Muelheim"]
[WhiteTeamCountry "GER"]
[BlackTeamCountry "GER"]

1. Nf3 Nf6 2. c4 g6 3. d4 Bg7 4. Nc3 d6 5. e4 0-0 6. Be2 e5 7. 0-0 Nbd7 8. d5 Nh5 9. g3 a5 10. Ne1 Nhf6 11. Nd3 b6 12. Be3 Qe7 13. a3 Ne8 14. Qd2 f5 15. b4 Nef6 16. f3 h5 17. Bg5 Rf7 18. Nb5 fxe4 19. fxe4 Nxe4 20. Bxe7 Nxd2 21. Rxf7 Kxf7 22. Nxc7 Kxe7 23. Rd1 Ra7 24. Nb5 Ra8 25. Rxd2 axb4 26. Nxb4 Bf8 27. Nc6+ Kf6 28. Bd3 Nc5 29. Rf2+ Bf5 30. Bc2 e4 31. Ncd4 Bh6 32. Re2 Bg4 33. Re1 Bd2 34. Rf1+ Kg7 35. Kg2 e3 36. Nxd6 Rxa3 37. Rf7+ Kg8 38. Bxg6 Ra2 39. N4f5 Be1+ 40. Kg1 Bf2+ 41. Kg2 Be1+ 42. Kg1 1/2-1/2

[Event "Ruhrgebiet VK2 0910"]
[Site "Ruhrgebiet"]
[Date "2009.12.06"]
[Round "4.1"]
[White "Grosse Frintrop, Gerd"]
[Black "Jungbluth, Michael"]
[Result "1-0"]
[WhiteElo "2070"]
[BlackElo "2055"]
[PlyCount "61"]
[EventDate "2009.09.06"]
[EventType "team"]
[EventRounds "9"]
[EventCountry "GER"]
[SourceTitle "EXT 2011"]
[Source "ChessBase"]
[SourceDate "2010.11.26"]
[SourceVersion "1"]
[SourceVersionDate "2010.11.26"]
[SourceQuality "1"]
[WhiteTeam "Buer"]
[BlackTeam "Unser Fritz"]
[WhiteTeamCountry "GER"]
[BlackTeamCountry "GER"]

1. d4 Nf6 2. c4 e6 3. Nc3 Bb4 4. Qc2 Nc6 5. e3 0-0 6. Bd3 d6 7. Bd2 Bxc3 8. Bxc3 Qe7 9. f3 e5 10. Ne2 a5 11. a3 a4 12. d5 Nb8 13. g4 Bxg4 14. fxg4 Nxg4 15. Bd2 Qh4+ 16. Ng3 g6 17. 0-0-0 Nf2 18. Nf5 Qh5 19. Rhg1 Nxd1 20. e4 Nf2 21. Bf1 Re8 22. Be3 Nh3 23. Bxh3 Qxh3 24. Qf2 Nd7 25. Nh6+ Kh8 26. Nxf7+ Kg8 27. Ng5 Qh5 28. Qf7+ Kh8 29. Ne6 Rxe6 30. dxe6 Qe2 31. Bh6 1-0

[Event "Ruhrgebiet VK2 0910"]
[Site "Ruhrgebiet"]
[Date "2009.11.08"]
[Round "3.2"]
[White "Gitschel, Ralf"]
[Black "Jungbluth, Michael"]
[Result "0-1"]
[WhiteElo "1859"]
[BlackElo "2055"]
[PlyCount "87"]
[EventDate "2009.09.06"]
[EventType "team"]
[EventRounds "9"]
[EventCountry "GER"]
[SourceTitle "EXT 2011"]
[Source "ChessBase"]
[SourceDate "2010.11.26"]
[SourceVersion "1"]
[SourceVersionDate "2010.11.26"]
[SourceQuality "1"]
[WhiteTeam "Eichlinghofen SV II"]
[BlackTeam "Unser Fritz"]
[WhiteTeamCountry "GER"]
[BlackTeamCountry "GER"]

1. e4 e6 2. d4 d5 3. exd5 exd5 4. Nf3 Bg4 5. Be2 Nf6 6. 0-0 Bd6 7. Bg5 Nbd7 8. Re1 0-0 9. Nc3 c6 10. Ne5 Bxe2 11. Rxe2 Qc7 12. Bxf6 Nxf6 13. Qd3 Rfe8 14. Rae1 Re7 15. Qf5 Rae8 16. h4 Re6 17. Ng4 Nxg4 18. Rxe6 fxe6 19. Qxg4 e5 20. dxe5 Bxe5 21. Kf1 Qf7 22. Nd1 Bf6 23. Rxe8+ Qxe8 24. b3 h5 25. Qb4 b6 26. Qa4 Qd7 27. Qf4 c5 28. Ne3 d4 29. Nf5 Qb5+ 30. Kg1 Qe2 31. Ng3 Qxc2 32. Qb8+ Kh7 33. Qe8 Qd1+ 34. Kh2 Qg4 35. Nxh5 Qxh4+ 36. Kg1 Qg5 37. f4 Qg6 38. Nxf6+ gxf6 39. Qe7+ Qg7 40. Qe4+ Kh6 41. Qf5 Qg6 42. Qh3+ Qh5 43. Qd3 Qg4 44. Kf2 0-1

[Event "Dresden ZMD op"]
[Site "Dresden"]
[Date "2009.08.02"]
[Round "9"]
[White "Jungbluth, Michael"]
[Black "Hilverda, Alexander"]
[Result "0-1"]
[WhiteElo "2055"]
[BlackElo "2243"]
[PlyCount "62"]
[EventDate "2009.07.25"]
[EventType "swiss"]
[EventRounds "9"]
[EventCountry "GER"]
[SourceTitle "CBM 131 Extra"]
[Source "ChessBase"]
[SourceDate "2009.09.03"]
[SourceVersion "2"]
[SourceVersionDate "2009.09.16"]
[SourceQuality "1"]

1. d4 d5 2. c4 c6 3. Nc3 Nf6 4. Nf3 a6 5. a4 e6 6. Bg5 a5 7. e3 Be7 8. Qc2 Na6 9. Ne5 0-0 10. Be2 Nb4 11. Qd1 b6 12. 0-0 Bb7 13. f4 c5 14. Bf3 Rb8 15. cxd5 Nfxd5 16. Bxe7 Qxe7 17. Qd2 Rbd8 18. Nxd5 Bxd5 19. Bxd5 Rxd5 20. Nf3 Nc6 21. Rad1 cxd4 22. e4 Rd7 23. Rc1 Qd6 24. Rfd1 f6 25. h3 Re8 26. e5 Qd5 27. Qf2 Red8 28. exf6 gxf6 29. Qh4 Kg7 30. Rd3 Qe4 31. Nxd4 Nxd4 0-1

[Event "Dresden ZMD op"]
[Site "Dresden"]
[Date "2009.08.01"]
[Round "8"]
[White "Jungbluth, Michael"]
[Black "Sturm, Frank"]
[Result "1-0"]
[WhiteElo "2055"]
[BlackElo "1916"]
[PlyCount "75"]
[EventDate "2009.07.25"]
[EventType "swiss"]
[EventRounds "9"]
[EventCountry "GER"]
[SourceTitle "CBM 131 Extra"]
[Source "ChessBase"]
[SourceDate "2009.09.03"]
[SourceVersion "2"]
[SourceVersionDate "2009.09.16"]
[SourceQuality "1"]

1. d4 Nf6 2. c4 g6 3. Nc3 Bg7 4. e4 d6 5. Nf3 0-0 6. Be2 e5 7. 0-0 Nc6 8. d5 Ne7 9. Ne1 Nd7 10. Be3 f5 11. f3 f4 12. Bf2 g5 13. a4 Ng6 14. a5 Nf6 15. c5 Rf7 16. cxd6 cxd6 17. Nb5 g4 18. Nxa7 g3 19. Bb6 gxh2+ 20. Kh1 Qe7 21. Nxc8 Rxc8 22. Rc1 Rff8 23. a6 Nh5 24. Bf2 bxa6 25. Bxa6 Rxc1 26. Qxc1 Ng3+ 27. Bxg3 fxg3 28. Nd3 Qa7 29. Qc6 Qe3 30. Qxd6 Nh4 31. Qe6+ Kh8 32. Nxe5 Qd2 33. Qh3 Bxe5 34. Qxh4 Qxb2 35. f4 Bxf4 36. Qe7 Kg8 37. d6 Qb6 38. Bc4+ 1-0

[Event "Dresden ZMD op"]
[Site "Dresden"]
[Date "2009.07.29"]
[Round "5"]
[White "Klein, Gereon"]
[Black "Jungbluth, Michael"]
[Result "0-1"]
[WhiteElo "1928"]
[BlackElo "2055"]
[PlyCount "68"]
[EventDate "2009.07.25"]
[EventType "swiss"]
[EventRounds "9"]
[EventCountry "GER"]
[SourceTitle "CBM 131 Extra"]
[Source "ChessBase"]
[SourceDate "2009.09.03"]
[SourceVersion "2"]
[SourceVersionDate "2009.09.16"]
[SourceQuality "1"]

1. Nf3 d5 2. d4 e6 3. c4 Bb4+ 4. Nc3 Nf6 5. g3 0-0 6. Bg2 c5 7. 0-0 Nc6 8. a3 Bxc3 9. bxc3 Qa5 10. Qd3 b6 11. Ne5 Bb7 12. Rb1 Nxe5 13. dxe5 Ne4 14. cxd5 exd5 15. c4 Qa6 16. cxd5 Qxd3 17. exd3 Nc3 18. Bg5 Nxb1 19. Rxb1 f6 20. exf6 gxf6 21. Bf4 Rad8 22. d6 Bxg2 23. Kxg2 Kf7 24. Kf3 Rfe8 25. a4 Rd7 26. a5 Rb8 27. Ke4 Ke6 28. g4 b5 29. d4 c4 30. d5+ Kf7 31. Kd4 a6 32. Kc5 Rc8+ 33. Kb6 c3 34. Kxa6 c2 0-1